000 00872nam a2200241 a 4500
001 000043932
005 20201002045042.0
008 140509s1996 sp 000 p spa d
020 _a8433905295
040 _aDO-SdBNP
_bspa
_cBNPHU
041 1 7 _aspa
_heng
082 _axxxx
_bxxxx
100 1 _aHeaney, Seamus,
_d1939-2013.
_971862
240 1 0 _aAssaigs
_lEspañol
245 1 0 _aDe la emoción a las palabras :
_bensayos literarios /
_cSeamus Heaney ; traducción y edición a cargo de Francesc Parcerisa.
260 _aBarcelona :
_bAnagrama,
_c1996.
300 _a307 p. ;
_c20 cm.
490 1 _aArgumentos
_v179
500 _aIncluye datos biográficos del autor en la solapa de la contracubierta.
500 _aIncluye referencias bibliográficas y notas al pie de las páginas
700 1 2 _aParcerisas, Francesc
_etr.
_971863
830 0 _aArgumentos ;
_v179
_98962
999 _c43421
_d43421